000 00290 a2200133 4500
001 15195
020 _a9781409300472
040 _cAnchieta - Aquarius
240 1 0 _aRhyme Book
_lpor
245 1 0 _aRhyme Book
300 _a10
650 4 _aLiteratura infanto-juvenil em inglês
942 _cBK
999 _c15195
_d15195